| 000 | 00689nam a2200229 i 4500 | ||
|---|---|---|---|
| 001 | C2-0240168 | ||
| 003 | PPAK | ||
| 005 | 20180727202902.0 | ||
| 008 | 020717s1963 xxua|||| ||||| | eng d | ||
| 040 |
_aPPAK _beng _cPPAK _erda |
||
| 082 | 0 | 4 |
_a973.922092 _223 |
| 090 | 0 | 0 |
_a973.922092 _bHUN _dKWI |
| 245 | 0 | 0 |
_aLife : _bJohn F. Kennedy memorial edition |
| 264 | 1 |
_aUnited States : _bTime inc. , _c1963 |
|
| 300 |
_a[45 pages] : _bcolour illustrations ; _c34 cm |
||
| 336 |
_2rdacontent _atext |
||
| 337 |
_2rdamedia _aunmediated |
||
| 338 |
_2rdacarrier _avolume |
||
| 650 | 1 | 0 | _aPresidents - United states - Juvenile literature |
| 700 | 1 |
_aHunt, George P., _eeditor |
|
| 942 |
_ddc _cB |
||
| 999 |
_c55390 _d55390 |
||